Sample forms for archival and records management programs

Saved in:
Bibliographic Details
Corporate Authors: Association of Records Managers and Administrators, Society of American Archivists
Other Authors: Oliva, Mary Lou (Editor)
Format: Book
Language:English
Published: Lenexa, Kan ; Chicago, Ill : Arma international ; Society of american archivists, c2002.
Subjects:
Tags: Add Tag
No Tags, Be the first to tag this record!

MARC

LEADER 00000cam a2200000 i 4500
001 1/60066
008 040914s2002 us ||| | eng||
020 |a 1931786003 
035 |l 10074229 
040 |a GR-MY-UA  |b gre  |e aacr 
041 0 |a eng 
082 0 |a 025.06  |2 (22) 
245 1 0 |a Sample forms for archival and records management programs /   |c [project manager/editor, Mary Lou Oliva].  
260 |a Lenexa, Kan ;   |a Chicago, Ill :   |b Arma international ;   |b Society of american archivists,   |c c2002.  
300 |a 1 τ. (χωρίς σελιδαρίθμηση) :   |c 28 εκ. ;   |e 1 οπτικός δίσκος, λέιζερ Η/Υ (4 3/4 ιν.).  
650 0 0 |a Archives  |x Management  |x Forms. 
650 0 0 |a Records  |x Management  |x Forms. 
650 0 0 |a Archives  |x Administration  |x Forms. 
700 1 |a Oliva, Mary Lou,  |e edt 
710 2 |a Association of Records Managers and Administrators. 
710 2 |a Society of American Archivists. 
852 |a INST  |b SAMOS  |e 20051118  |h 025.06 SAM  |p 005300023219  |q 005300023219  |t BK  |y 0 
852 |a INST  |b SAMOS  |e 20040914  |h 025.06 SAM   |p 005300024777  |q 005300024777  |t BK  |y 0 
901 |a BIBL3-2005-3 
909 |a Σ  |b 112076 
909 |a Σ  |b 112077 
922 |a 3ΕΛΗ  |b 2003-07  |c ΚΕΝΤΡΙΚΗ ΒΙΒΛΙΟΘΗΚΗ  |d LEADER BOOKS 
950 |a 127-2003-07-07 
970 |a ΜΑΛΑΓΑΡΗ  |b ΦΩΤΕΙΝΗ  |z 2005/11/18